The management of innovation (Record no. 1443929)

MARC details
000 -LEADER
fixed length control field 00558nam a2200205Ia 4500
005 - DATE AND TIME OF LATEST TRANSACTION
control field 20250923144831.0
008 - FIXED-LENGTH DATA ELEMENTS--GENERAL INFORMATION
fixed length control field 008 250917s9999 xx 000 0 eng d
037 ## - SOURCE OF ACQUISITION
Stock number Textual
040 ## - CATALOGING SOURCE
Original cataloging agency DSWL
Language of cataloging eng
Transcribing agency DSWL
041 ## - LANGUAGE CODE
Language code of text/sound track or separate title eng
Source of code eng
084 ## - COLON CLASSIFICATION NUMBER
Classification number X:89A, J9
Assigning agency DSWL
245 #4 - TITLE STATEMENT
Title The management of innovation
Statement of responsibility, etc. Ed. by Tom Burns
260 ## - PUBLICATION, DISTRIBUTION, ETC.
Place of publication, distribution, etc. Tavistock
Name of publisher, distributor, etc. TavistockPublications
Date of publication, distribution, etc. 1961
300 ## - PHYSICAL DESCRIPTION
Extent v,269p.
365 ## - TRADE PRICE
Price type code INR
Price amount 30
700 ## - ADDED ENTRY--PERSONAL NAME
Personal name G.M. Stalker
9 (RLIN) 828887
925 ## -
-- 30
942 ## - ADDED ENTRY ELEMENTS (KOHA)
Koha item type Textual
Classification part X:89A, J9
Holdings
Withdrawn status Lost status Damaged status Not for loan Home library Current library Date acquired Total Checkouts Full call number Barcode Date last seen Price effective from Koha item type
        Department of Social Work Library Department of Social Work Library 2025-09-23   X:89A, J9 SW0008498 2025-09-23 2025-09-23 Textual
Copyright @ Delhi University Library System